000
00278nam a2200109 a 4500
005
20200930070629.0
008
110914s1992 000 spa d
020
_a
0252017374
245
0
_a
Baseball : a history of america´s game.
260
_a
Chicago,
_c
1992.
999
_c
33415
_d
33415
040
_a
DO-SdBNP